Loading...
| Science - Other | 1 | 3 | 1 | 1 | 40 | 41 | 96.75 | 0 | 1 | 0.00 | 0.00 |
| Fine Arts - Visual | 0 | 5 | 2 | 0 | 40 | 93 | 109.60 | 1 | 3 | 0.00 | 0.00 |
| Science - Biology | 1 | 1 | 0 | 0 | 25 | 30 | 50.00 | 1 | 2 | 0.00 | 0.00 |
| Fine Arts - Other | 0 | 3 | 1 | 1 | 25 | 91 | 124.00 | 0 | 1 | 0.00 | 0.00 |
| Science - Chemistry | 1 | 1 | 0 | 1 | 25 | 75 | 101.00 | 0 | 2 | 0.00 | 0.00 |
| Literature - American | 0 | 2 | 0 | 0 | 20 | 113 | 118.00 | 0 | 1 | 0.00 | 0.00 |
| Science - Physics | 0 | 2 | 0 | 0 | 20 | 101 | 105.00 | 1 | 2 | 0.00 | 0.00 |
| Literature - World | 0 | 2 | 0 | 0 | 20 | 136 | 146.00 | 0 | 1 | 0.00 | 0.00 |
| Religion | 0 | 2 | 0 | 1 | 20 | 105 | 122.00 | 0 | 1 | 0.00 | 0.00 |
| Fine Arts - Auditory | 0 | 1 | 0 | 0 | 10 | 87 | 87.00 | 1 | 1 | 0.00 | 0.00 |
| History - Other | 0 | 1 | 0 | 0 | 10 | 89 | 89.00 | 0 | 0 | 0.00 | 0.00 |
| Mythology | 0 | 1 | 0 | 1 | 10 | 126 | 126.00 | 0 | 0 | 0.00 | 0.00 |
| Philosophy | 0 | 1 | 0 | 0 | 10 | 111 | 111.00 | 0 | 0 | 0.00 | 0.00 |
| Pop Culture | 0 | 1 | 0 | 1 | 10 | 130 | 130.00 | 0 | 0 | 0.00 | 0.00 |
| Literature - European | 0 | 1 | 1 | 0 | 5 | 118 | 118.00 | 0 | 0 | 0.00 | 0.00 |
| Literature - British | 0 | 1 | 1 | 0 | 5 | 101 | 101.00 | 0 | 0 | 0.00 | 0.00 |
| History - European | 0 | 0 | 1 | 0 | -5 | 0.00 | 0 | 0 | 0.00 | 0.00 | |
| Social Science | 0 | 0 | 2 | 0 | -10 | 0.00 | 0 | 0 | 0.00 | 0.00 |